Úvod do štúdia dejín Európy v rokoch 1871-1918 prehľad politického, hospodárskeho, spoločenského a kultúrneho vývoja

Podrobná bibliografia
Hlavný autor: Škorvanková, Eva, 1976- (Autor)
Ďalší autori: Candráková, Kristína (Ilustrátor)
Médium: Kniha
Jazyk:slovenčina
Fyzický popis:127 strán ilustrácie 24 cm
Vydavateľské údaje: Bratislava Hlbiny s.r.o. 2020
ISBN:9788089743476
Edícia:Učebné texty (Hlbiny)
Predmet:

MARC

LEADER 00000cam a2200000 4500
001 vtls012022919
003 SK-MaSNL
005 20260302074123.0
008 210413s2020 xo a frnp 000 0 slo
015 |a SNBA2022/02 
020 |a 9788089743476  |q (brožované) 
040 |a SNK  |b slo  |c SNK  |e rda 
041 0 |a slo 
043 |a e------ 
044 |a xo  |c SK 
072 7 |a 93/94  |x Dejiny (všeobecne)  |2 konspekt 
080 |a 32(091)  |2 2011 
080 |a 338(091)  |2 2011 
080 |a 930.85  |2 2011 
080 |a (4)  |2 2011 
080 |a (075)  |2 2011 
080 |a (075.8)  |2 2011 
100 1 |a Škorvanková, Eva,  |d 1976-  |4 aut  |9 161773 
245 1 |a Úvod do štúdia dejín Európy v rokoch 1871-1918  |b prehľad politického, hospodárskeho, spoločenského a kultúrneho vývoja  |c Eva Škorvanková 
264 1 |a Bratislava  |b Hlbiny s.r.o.  |c 2020 
300 |a 127 strán  |b ilustrácie  |c 24 cm 
336 |a text  |b txt  |2 rdacontent 
337 |a bez média  |b n  |2 rdamedia 
338 |a zväzok  |b nc  |2 rdacarrier 
490 1 |a Učebné texty 
504 |a Obsahuje bibliografiu a bibliografické odkazy 
648 7 |a 1871-1918  |2 SNKPH  |9 635904 
650 0 7 |a politické dejiny  |2 SNKPH  |9 69271 
650 0 7 |a hospodárske dejiny  |2 SNKPH  |9 2284 
650 0 7 |a kultúrne dejiny  |2 SNKPH  |9 4307 
650 0 7 |a Political history  |2 SNKPHeng  |9 277990 
650 0 7 |a Economic history  |2 SNKPHeng  |9 275625 
650 0 7 |a Cultural history  |2 SNKPHeng  |9 267439 
651 7 |a Európa  |2 SNKPHgeo  |9 167569 
651 7 |a Europe  |2 SNKPHeng  |9 56249 
655 7 |a učebné texty  |2 SNKPH  |9 70568 
655 7 |a učebnice vysokých škôl  |2 SNKPH  |9 70191 
655 7 |a Educational texts  |2 SNKPHeng  |9 277375 
655 7 |a Textbooks (higher)  |2 SNKPHeng  |9 276436 
700 1 |a Candráková, Kristína  |4 ill  |9 207763 
830 0 |a Učebné texty (Hlbiny)  |9 739352 
919 |a 978-80-89743-47-6 
958 |a NB 
999 |c 1163770  |d 1165700 
952 |a SNK  |b SNK  |y PREZ  |7 0  |p 17A1457268  |o snkSC 193885  |i snk2021/11161  |8 0  |0 0  |1 0  |4 0  |d 2021-08-26  |f 1  |l 0  |r 2025-10-10 00:00:00  |w 2026-02-24 
952 |a SNK  |b SNK  |y VYP  |7 0  |p 17A1457269  |o snkSC 193885 D1  |i snk2021/11162  |8 0  |0 0  |1 0  |4 0  |d 2021-08-26  |l 0  |r 2026-02-24 20:41:10  |w 2026-02-24